VIVA LA Market (Smart Market) / (Record no. 212138)

000 -LEADER
fixed length control field 00722 a2200193 4500
003 - CONTROL NUMBER IDENTIFIER
control field NUST
005 - DATE AND TIME OF LATEST TRANSACTION
control field 20251215184526.0
040 ## - CATALOGING SOURCE
Transcribing agency Nust
082 ## - DEWEY DECIMAL CLASSIFICATION NUMBER
Classification number 621.382,NAE
100 ## - MAIN ENTRY--PERSONAL NAME
Personal name Naeem, Zubairia (TE-47/TCC-22)
9 (RLIN) 131554
245 ## - TITLE STATEMENT
Title VIVA LA Market (Smart Market) /
Statement of responsibility, etc. NC Zubairia Naeem, NC Aaiza Umar, NC Anum Rubab (TE-47/TCC-22)
260 ## - PUBLICATION, DISTRIBUTION, ETC.
Place of publication, distribution, etc. Rawalpindi
Name of publisher, distributor, etc. MCS (NUST)
Date of publication, distribution, etc. June 2014
300 ## - PHYSICAL DESCRIPTION
Extent 75 p.;
505 ## - FORMATTED CONTENTS NOTE
Formatted contents note Introduction (Page-1), Literature Review (Page-15), Design and Development (Page-21), Project Analysis and Evaluation (Page-43), Conclusion (Page-54).
650 ## - SUBJECT ADDED ENTRY--TOPICAL TERM
Topical term or geographic name entry element UG Project
9 (RLIN) 131132
651 ## - SUBJECT ADDED ENTRY--GEOGRAPHIC NAME
Geographic name TE-47/TCC-22
9 (RLIN) 131555
700 ## - ADDED ENTRY--PERSONAL NAME
Personal name Supervised by Lec Intisar Rizwan-I-Haque
9 (RLIN) 132301
942 ## - ADDED ENTRY ELEMENTS (KOHA)
Koha item type Project Report
Source of classification or shelving scheme
Holdings
Withdrawn status Lost status Source of classification or shelving scheme Damaged status Not for loan Permanent Location Current Location Shelving location Date acquired Full call number Barcode Date last seen Price effective from Koha item type Public note
          Military College of Signals (MCS) Military College of Signals (MCS) Reference 12/12/2016 621.382,NAE MCSPTC-204 12/08/2016 12/12/2016 Project Report Almirah No. 94, Shelf No. 4
          Military College of Signals (MCS) Military College of Signals (MCS) Reference 12/12/2016 621.382,NAE MCSPTE-234 12/08/2016 12/12/2016 Project Report  
© 2023 Central Library, National University of Sciences and Technology. All Rights Reserved.